| 000 | 00641nam a2200181 4500 | ||
|---|---|---|---|
| 001 | 116229 | ||
| 003 | ES-MaACL | ||
| 005 | 20230906190649.0 | ||
| 007 | t| | ||
| 008 | 061121s1951 sp r ||||1| spa d | ||
| 100 | 1 |
_aParker, Charles M. _989171 |
|
| 245 | 1 | 0 |
_aMetalurgia de los aceros de calidad / _cCharles M. Parker ; traducción española y prólogo por José Martínez Cros y Francisco Muñoz del Corral. |
| 260 |
_aMadrid : _bAguilar, _c1951. |
||
| 300 |
_aXV, 264 p. 1 gráf. pleg. ; _c22 cm. |
||
| 700 | 1 |
_aMartínez Cros, José. _977960 |
|
| 700 | 1 |
_aMuñoz del Corral, Francisco. _984396 |
|
| 852 |
_aES-MaACL _jC-15420 _bR.43445 |
||
| 999 |
_c116229 _d116229 |
||